Riconosci il Pokémon - Quiz n°44 - Statistics

Statistiche generali
  • Questo quiz è stato fatto 14 volte
  • Il punteggio medio è 9 su 10
Statistiche sulle risposte
Indizio Risposta % Corretto
Tipo Buio; Normale / Spettro (Hisui)
100%
Abilità Illusione
100%
Stadio evoluzione Prima evoluzione
100%
Altezza 1,6 m
91%
Tasso di cattura 45 (11.9%)
91%
Peso 81,1 kg
91%
Sesso 87.5% ♂, 12.5% ♀
91%
Tasso di allevamento Medio-Lento
91%
Generazione Quinta
91%
Pokémon Zoroark
82%
Nessun quiz corrispondente trovato
Distribuzione punteggi
Percentuale di utenti per punteggio
Percentile per numero di risposta
I tuoi punteggi nel tempo
Non hai fatto questo quiz